[Event "DVM U12 2023"]
[Site "Magdeburg GER"]
[Date "2023.12.28"]
[Round "4"]
[White "Nguyen, Bach Khoi"]
[Black "Müller, Anker"]
[Result "0-1"]
[Termination "normal"]
[Board "5.2"]
[WhiteElo "1262"]
[BlackElo "1548"]
[WhiteClock "00:21:25"]
[BlackClock "00:12:17"]
[WhiteTeam "TSG Oberschöneweide"]
[BlackTeam "SV Empor Berlin"]
[PlyCount "152"]
[WhiteFideId "34600256"]
[BlackFideId "1472070"]
[EventCountry "GER"]
[EventRounds "7"]
[EventType "team-swiss"]
[EventDate "2023.12.26"]

1. e4 {[%clk 01:30:56]} {[%emt 00:00:03]} c6 {[%clk 01:30:48]} {[%emt
00:00:13]} 2. d4 {[%clk 01:31:14]} {[%emt 00:00:12]} d5 {[%clk 01:31:10]}
{[%emt 00:00:09]} 3. e5 {[%clk 01:31:38]} {[%emt 00:00:07]} Bf5 {[%clk
01:31:25]} {[%emt 00:00:13]} 4. h4 {[%clk 01:31:50]} {[%emt 00:00:20]} Qb6
{[%clk 01:30:58]} {[%emt 00:00:56]} 5. g4 {[%clk 01:29:17]} {[%emt 00:03:03]}
Bd7 {[%clk 01:31:13]} {[%emt 00:00:15]} 6. Nc3 {[%clk 01:25:38]} {[%emt
00:04:09]} e6 {[%clk 01:30:45]} {[%emt 00:00:58]} 7. Nf3 {[%clk 01:24:32]}
{[%emt 00:01:36]} c5 {[%clk 01:30:33]} {[%emt 00:00:42]} 8. Ne2 {[%clk
01:19:28]} {[%emt 00:05:34]} Nc6 {[%clk 01:29:30]} {[%emt 00:01:29]} 9. c3
{[%emt 00:02:27]} Nge7 {[%clk 01:27:42]} {[%emt 00:00:20]} 10. Be3 {[%clk
01:11:06]} {[%emt 00:08:55]} h5 {[%clk 01:24:58]} {[%emt 00:03:15]} 11. gxh5
{[%clk 01:05:49]} {[%emt 00:05:47]} Nf5 {[%clk 01:23:26]} {[%emt 00:02:01]} 12.
Bh3 {[%clk 00:58:44]} {[%emt 00:07:37]} Nxe3 {[%clk 01:23:10]} {[%emt
00:00:46]} 13. fxe3 {[%clk 00:59:08]} {[%emt 00:00:06]} O-O-O {[%clk 01:21:47]}
{[%emt 00:01:51]} 14. Ng5 {[%clk 00:55:22]} {[%emt 00:04:17]} Be7 {[%clk
00:56:44]} {[%emt 00:25:33]} 15. Nxf7 {[%clk 00:46:34]} {[%emt 00:09:19]} Qxb2
{[%clk 00:47:32]} {[%emt 00:09:41]} 16. Bg4 {[%clk 00:41:43]} {[%emt 00:05:21]}
cxd4 {[%clk 00:40:20]} {[%emt 00:07:42]} 17. Nxd8 {[%clk 00:36:12]} {[%emt
00:06:01]} Nxe5 {[%clk 00:28:08]} {[%emt 00:12:41]} 18. Rb1 {[%clk 00:20:57]}
{[%emt 00:15:43]} Qa3 {[%clk 00:22:18]} {[%emt 00:06:22]} 19. Nf7 {[%clk
00:09:44]} {[%emt 00:11:44]} Nxf7 {[%clk 00:14:07]} {[%emt 00:08:42]} 20. exd4
{[%clk 00:09:58]} {[%emt 00:00:16]} Nh6 {[%clk 00:13:24]} {[%emt 00:01:13]} 21.
Bf3 {[%clk 00:09:08]} {[%emt 00:01:21]} Rf8 {[%clk 00:12:53]} {[%emt 00:01:00]}
22. O-O {[%clk 00:06:58]} {[%emt 00:02:41]} Nf5 {[%clk 00:11:00]} {[%emt
00:02:22]} 23. Bg2 {[%clk 00:03:45]} {[%emt 00:03:43]} Bxh4 {[%clk 00:08:47]}
{[%emt 00:02:43]} 24. Qb3 {[%clk 00:03:39]} {[%emt 00:00:37]} Qxb3 {[%clk
00:08:06]} {[%emt 00:01:09]} 25. Rxb3 {[%clk 00:04:04]} {[%emt 00:00:06]} Rh8
{[%clk 00:07:46]} {[%emt 00:00:50]} 26. Nf4 {[%clk 00:04:16]} {[%emt 00:00:17]}
Bg3 {[%clk 00:07:10]} {[%emt 00:01:08]} 27. Ne2 {[%clk 00:03:13]} {[%emt
00:01:33]} Rxh5 {[%clk 00:05:22]} {[%emt 00:02:18]} 28. Nxg3 {[%clk 00:03:33]}
{[%emt 00:00:10]} Nxg3 {[%clk 00:05:45]} {[%emt 00:00:07]} 29. Rf7 {[%clk
00:03:32]} {[%emt 00:00:27]} Rg5 {[%clk 00:03:59]} {[%emt 00:02:19]} 30. Kh2
{[%clk 00:01:42]} {[%emt 00:02:21]} Nf5 {[%clk 00:02:12]} {[%emt 00:02:16]} 31.
Rxd7 {[%clk 00:00:45]} {[%emt 00:01:28]} Kxd7 {[%clk 00:02:22]} {[%emt
00:00:20]} 32. Rxb7+ {[%clk 00:01:14]} {[%emt 00:00:01]} Kc6 {[%clk 00:02:11]}
{[%emt 00:00:41]} 33. Rxa7 {[%clk 00:01:39]} {[%emt 00:00:04]} Rh5+ {[%clk
00:01:56]} {[%emt 00:00:46]} 34. Kg1 {[%clk 00:01:40]} {[%emt 00:00:29]} Rg5
{[%clk 00:01:33]} {[%emt 00:00:53]} 35. Kf2 {[%clk 00:01:49]} {[%emt 00:00:21]}
Nh4 {[%clk 00:01:40]} {[%emt 00:00:23]} 36. Bh3 {[%clk 00:01:44]} {[%emt
00:00:35]} Nf5 {[%clk 00:01:38]} {[%emt 00:00:31]} 37. Ra6+ {[%clk 00:02:05]}
{[%emt 00:00:09]} Kd7 {[%clk 00:01:46]} {[%emt 00:00:23]} 38. Bf1 {[%clk
00:02:02]} {[%emt 00:00:31]} Ng3 {[%clk 00:01:39]} {[%emt 00:00:38]} 39. Bb5+
{[%clk 00:02:26]} {[%emt 00:00:07]} Ke7 {[%clk 00:01:10]} {[%emt 00:01:00]} 40.
c4 {[%clk 00:01:37]} {[%emt 00:01:20]} Ne4+ {[%clk 00:00:57]} {[%emt 00:00:42]}
41. Ke2 {[%clk 00:00:38]} {[%emt 00:01:29]} Nd6 {[%clk 00:26:22]} {[%emt
00:05:05]} 42. Rc6 {[%clk 00:26:56]} {[%emt 00:04:10]} Rg2+ {[%clk 00:20:40]}
{[%emt 00:06:13]} 43. Kf3 {[%clk 00:23:08]} {[%emt 00:04:19]} Rxa2 {[%clk
00:20:57]} {[%emt 00:00:13]} 44. Rc7+ {[%clk 00:23:18]} {[%emt 00:00:20]} Kf6
{[%clk 00:21:15]} {[%emt 00:00:11]} 45. Rc6 {[%clk 00:23:22]} {[%emt 00:00:25]}
Nxb5 {[%clk 00:17:24]} {[%emt 00:04:23]} 46. cxb5 {[%clk 00:23:42]} {[%emt
00:00:10]} Ra3+ {[%clk 00:17:08]} {[%emt 00:00:45]} 47. Kf2 {[%clk 00:22:42]}
{[%emt 00:01:31]} Rd3 {[%clk 00:16:28]} {[%emt 00:01:08]} 48. Rc2 {[%clk
00:18:41]} {[%emt 00:04:32]} Rxd4 {[%clk 00:14:49]} {[%emt 00:02:09]} 49. Rb2
{[%clk 00:19:03]} {[%emt 00:00:07]} Rc4 {[%clk 00:14:57]} {[%emt 00:00:23]} 50.
b6 {[%clk 00:19:26]} {[%emt 00:00:08]} Rc8 {[%clk 00:15:15]} {[%emt 00:00:10]}
51. b7 {[%clk 00:19:52]} {[%emt 00:00:05]} Rb8 {[%clk 00:15:35]} {[%emt
00:00:10]} 52. Kf3 {[%clk 00:20:06]} {[%emt 00:00:16]} Kf5 {[%clk 00:14:52]}
{[%emt 00:01:14]} 53. Rb5 {[%clk 00:20:09]} {[%emt 00:00:27]} g5 {[%clk
00:14:34]} {[%emt 00:00:47]} 54. Kg3 {[%clk 00:20:24]} {[%emt 00:00:15]} g4
{[%clk 00:13:23]} {[%emt 00:01:41]} 55. Rb4 {[%clk 00:20:47]} {[%emt 00:00:07]}
e5 {[%clk 00:13:11]} {[%emt 00:00:42]} 56. Kf2 {[%clk 00:20:38]} {[%emt
00:00:38]} d4 {[%clk 00:13:01]} {[%emt 00:00:41]} 57. Rb3 {[%clk 00:19:05]}
{[%emt 00:02:03]} Kf4 {[%clk 00:12:45]} {[%emt 00:00:46]} 58. Rb6 {[%clk
00:17:50]} {[%emt 00:01:46]} g3+ {[%clk 00:11:37]} {[%emt 00:01:38]} 59. Kg2
{[%clk 00:17:44]} {[%emt 00:00:35]} e4 {[%clk 00:10:56]} {[%emt 00:01:11]} 60.
Rf6+ {[%clk 00:17:06]} {[%emt 00:01:08]} Ke3 {[%clk 00:11:09]} {[%emt
00:00:17]} 61. Kxg3 {[%clk 00:17:04]} {[%emt 00:00:32]} Rxb7 {[%clk 00:11:16]}
{[%emt 00:00:23]} 62. Rf1 {[%clk 00:17:22]} {[%emt 00:00:12]} Rg7 {[%clk
00:11:23]} {[%emt 00:00:22]} 63. Kh3 {[%clk 00:17:46]} {[%emt 00:00:07]} Ke2
{[%clk 00:11:29]} {[%emt 00:00:23]} 64. Rf4 {[%clk 00:18:07]} {[%emt 00:00:10]}
Ke3 {[%clk 00:11:16]} {[%emt 00:00:43]} 65. Rf1 {[%clk 00:18:19]} {[%emt
00:00:18]} d3 {[%clk 00:11:24]} {[%emt 00:00:21]} 66. Re1+ {[%clk 00:18:47]}
{[%emt 00:00:03]} Kd4 {[%clk 00:11:32]} {[%emt 00:00:22]} 67. Ra1 {[%clk
00:18:39]} {[%emt 00:00:37]} e3 {[%clk 00:10:31]} {[%emt 00:01:30]} 68. Ra4+
{[%clk 00:19:06]} {[%emt 00:00:04]} Kc3 {[%clk 00:10:44]} {[%emt 00:00:17]} 69.
Ra3+ {[%clk 00:19:31]} {[%emt 00:00:06]} Kd2 {[%clk 00:11:04]} {[%emt
00:00:09]} 70. Ra2+ {[%clk 00:19:55]} {[%emt 00:00:07]} Ke1 {[%clk 00:11:20]}
{[%emt 00:00:13]} 71. Ra1+ {[%clk 00:20:12]} {[%emt 00:00:13]} Kf2 {[%clk
00:11:25]} {[%emt 00:00:24]} 72. Ra3 {[%clk 00:20:22]} {[%emt 00:00:22]} d2
{[%clk 00:11:42]} {[%emt 00:00:11]} 73. Ra2 {[%clk 00:20:40]} {[%emt 00:00:13]}
Ke1 {[%clk 00:11:53]} {[%emt 00:00:19]} 74. Ra4 {[%clk 00:20:35]} {[%emt
00:00:35]} d1=Q {[%clk 00:11:57]} {[%emt 00:00:26]} 75. Rh4 {[%clk 00:21:00]}
{[%emt 00:00:04]} Qf3+ {[%clk 00:11:57]} {[%emt 00:00:28]} 76. Kh2 {[%clk
00:21:25]} {[%emt 00:00:08]} Qg2+ {[%clk 00:12:17]} {[%emt 00:00:09]} 0-1

[Event "DVM U12 2023"]
[Site "Magdeburg GER"]
[Date "2023.12.28"]
[Round "4"]
[White "Gundermann, Mika Oleg"]
[Black "Vu, Khoi Nguyen"]
[Result "1-0"]
[Termination "normal"]
[Board "5.3"]
[WhiteElo "1636"]
[BlackElo "1599"]
[WhiteClock "00:09:08"]
[BlackClock "00:44:37"]
[WhiteTeam "SV Empor Berlin"]
[BlackTeam "TSG Oberschöneweide"]
[PlyCount "137"]
[WhiteFideId "34606513"]
[BlackFideId "34605088"]
[EventCountry "GER"]
[EventRounds "7"]
[EventType "team-swiss"]
[EventDate "2023.12.26"]

1. d4 {[%clk 01:30:48]} {[%emt 00:00:12]} d5 {[%clk 01:30:54]} {[%emt
00:00:07]} 2. Nc3 {[%clk 01:31:07]} {[%emt 00:00:11]} Nf6 {[%clk 01:31:14]}
{[%emt 00:00:10]} 3. Bf4 {[%clk 01:31:31]} {[%emt 00:00:05]} e6 {[%clk
01:31:39]} {[%emt 00:00:06]} 4. Nb5 {[%clk 01:30:49]} {[%emt 00:01:12]} Na6
{[%clk 01:31:09]} {[%emt 00:01:01]} 5. e3 {[%clk 01:28:24]} {[%emt 00:02:55]}
c6 {[%clk 01:31:31]} {[%emt 00:00:08]} 6. Nc3 {[%clk 01:28:50]} {[%emt
00:00:04]} Bb4 {[%clk 01:31:54]} {[%emt 00:00:07]} 7. Bd3 {[%clk 01:22:35]}
{[%emt 00:06:44]} O-O {[%clk 01:28:34]} {[%emt 00:03:50]} 8. Nge2 {[%clk
01:22:03]} {[%emt 00:01:03]} c5 {[%clk 01:25:44]} {[%emt 00:03:20]} 9. Bxa6
{[%clk 01:07:50]} {[%emt 00:14:42]} bxa6 {[%clk 01:24:08]} {[%emt 00:02:07]}
10. a3 {[%clk 01:05:39]} {[%emt 00:02:40]} Bxc3+ {[%clk 01:23:12]} {[%emt
00:01:27]} 11. Nxc3 {[%clk 01:04:13]} {[%emt 00:01:56]} c4 {[%clk 01:20:47]}
{[%emt 00:02:55]} 12. O-O {[%clk 00:59:19]} {[%emt 00:05:24]} h6 {[%clk
01:16:44]} {[%emt 00:04:34]} 13. h3 {[%clk 00:54:41]} {[%emt 00:05:08]} Bd7
{[%clk 01:15:03]} {[%emt 00:02:11]} 14. Qe2 {[%clk 00:50:45]} {[%emt 00:04:26]}
Rc8 {[%clk 01:13:06]} {[%emt 00:02:28]} 15. f3 {[%clk 00:38:54]} {[%emt
00:12:21]} Nh5 {[%clk 01:06:26]} {[%emt 00:07:10]} 16. Bh2 {[%clk 00:36:49]}
{[%emt 00:02:36]} Qh4 {[%clk 00:59:54]} {[%emt 00:07:00]} 17. Qf2 {[%clk
00:31:32]} {[%emt 00:05:48]} Qxf2+ {[%clk 00:59:43]} {[%emt 00:00:41]} 18. Rxf2
{[%clk 00:30:23]} {[%emt 00:01:39]} Nf6 {[%clk 00:59:23]} {[%emt 00:00:50]} 19.
Rff1 {[%clk 00:28:47]} {[%emt 00:02:07]} Rfd8 {[%clk 00:54:09]} {[%emt
00:05:44]} 20. Rfd1 {[%clk 00:25:27]} {[%emt 00:03:50]} Be8 {[%clk 00:50:26]}
{[%emt 00:04:12]} 21. Kf2 {[%clk 00:22:34]} {[%emt 00:03:24]} a5 {[%clk
00:47:27]} {[%emt 00:03:30]} 22. g4 {[%clk 00:14:13]} {[%emt 00:08:50]} Rd7
{[%clk 00:43:10]} {[%emt 00:04:47]} 23. Rab1 {[%clk 00:13:00]} {[%emt
00:01:42]} Rb7 {[%clk 00:43:11]} {[%emt 00:00:29]} 24. h4 {[%clk 00:11:56]}
{[%emt 00:01:35]} Nh7 {[%clk 00:40:39]} {[%emt 00:03:02]} 25. e4 {[%clk
00:11:16]} {[%emt 00:01:10]} Bc6 {[%clk 00:37:26]} {[%emt 00:03:43]} 26. exd5
{[%clk 00:09:42]} {[%emt 00:02:05]} exd5 {[%clk 00:37:44]} {[%emt 00:00:12]}
27. Re1 {[%clk 00:09:31]} {[%emt 00:00:41]} f6 {[%clk 00:34:56]} {[%emt
00:03:19]} 28. Re6 {[%clk 00:07:39]} {[%emt 00:02:21]} Rd7 {[%clk 00:34:53]}
{[%emt 00:00:33]} 29. Ree1 {[%clk 00:05:40]} {[%emt 00:02:29]} Kf7 {[%clk
00:33:37]} {[%emt 00:01:46]} 30. Re2 {[%clk 00:05:00]} {[%emt 00:01:10]} Rb7
{[%clk 00:33:13]} {[%emt 00:00:52]} 31. Bd6 {[%clk 00:04:55]} {[%emt 00:00:36]}
Nf8 {[%clk 00:29:32]} {[%emt 00:04:12]} 32. Bg3 {[%clk 00:03:28]} {[%emt
00:01:57]} Ne6 {[%clk 00:29:07]} {[%emt 00:00:54]} 33. Rd2 {[%clk 00:03:45]}
{[%emt 00:00:13]} Nc7 {[%clk 00:29:05]} {[%emt 00:00:33]} 34. Re2 {[%clk
00:03:36]} {[%emt 00:00:40]} Rcb8 {[%clk 00:28:42]} {[%emt 00:00:53]} 35. Nd1
{[%clk 00:03:40]} {[%emt 00:00:26]} Ba4 {[%clk 00:28:47]} {[%emt 00:00:22]} 36.
Bxc7 {[%clk 00:03:29]} {[%emt 00:00:44]} Rxc7 {[%clk 00:29:08]} {[%emt
00:00:09]} 37. Nc3 {[%clk 00:03:50]} {[%emt 00:00:09]} Bc6 {[%clk 00:29:17]}
{[%emt 00:00:20]} 38. Nd1 {[%clk 00:03:15]} {[%emt 00:01:06]} Rcb7 {[%clk
00:28:51]} {[%emt 00:00:55]} 39. c3 {[%clk 00:03:13]} {[%emt 00:00:33]} Ba4
{[%clk 00:28:58]} {[%emt 00:00:22]} 40. Ke1 {[%clk 00:03:30]} {[%emt 00:00:13]}
Re7 {[%clk 00:25:23]} {[%emt 00:04:05]} 41. Rxe7+ {[%clk 00:03:14]} {[%emt
00:00:46]} Kxe7 {[%clk 00:25:49]} {[%emt 00:00:05]} 42. Ne3 {[%clk 00:03:28]}
{[%emt 00:00:16]} Ke6 {[%clk 00:25:49]} {[%emt 00:00:30]} 43. Kf2 {[%clk
00:02:48]} {[%emt 00:01:11]} Bb3 {[%clk 00:26:00]} {[%emt 00:00:19]} 44. Re1
{[%clk 00:01:12]} {[%emt 00:02:04]} Rb7 {[%clk 00:24:41]} {[%emt 00:01:50]} 45.
Nxc4+ {[%clk 00:27:41]} {[%emt 00:04:02]} Kd7 {[%clk 00:54:35]} {[%emt
00:00:34]} 46. Nxa5 {[%clk 00:27:50]} {[%emt 00:00:22]} Rb5 {[%clk 00:54:51]}
{[%emt 00:00:13]} 47. Nxb3 {[%clk 00:27:48]} {[%emt 00:00:34]} Rxb3 {[%clk
00:55:16]} {[%emt 00:00:06]} 48. Re2 {[%clk 00:24:47]} {[%emt 00:03:31]} a5
{[%clk 00:55:06]} {[%emt 00:00:39]} 49. Ke1 {[%clk 00:24:09]} {[%emt 00:01:07]}
a4 {[%clk 00:54:56]} {[%emt 00:00:40]} 50. Kd1 {[%clk 00:23:21]} {[%emt
00:01:19]} Kd6 {[%clk 00:54:01]} {[%emt 00:01:25]} 51. Kc2 {[%clk 00:22:49]}
{[%emt 00:01:01]} Kd7 {[%clk 00:53:06]} {[%emt 00:01:26]} 52. f4 {[%clk
00:19:28]} {[%emt 00:03:50]} Rb8 {[%clk 00:46:10]} {[%emt 00:07:26]} 53. f5
{[%clk 00:16:55]} {[%emt 00:03:02]} Rb6 {[%clk 00:45:57]} {[%emt 00:00:43]} 54.
Kd3 {[%clk 00:16:24]} {[%emt 00:01:01]} Rb3 {[%clk 00:45:20]} {[%emt 00:01:07]}
55. Kc2 {[%clk 00:15:27]} {[%emt 00:01:28]} Rb6 {[%clk 00:45:42]} {[%emt
00:00:08]} 56. h5 {[%clk 00:15:03]} {[%emt 00:00:54]} Kd8 {[%clk 00:45:35]}
{[%emt 00:00:36]} 57. Re6 {[%clk 00:08:22]} {[%emt 00:07:11]} Rxe6 {[%clk
00:45:30]} {[%emt 00:00:35]} 58. fxe6 {[%clk 00:08:39]} {[%emt 00:00:12]} Ke7
{[%clk 00:45:58]} {[%emt 00:00:03]} 59. c4 {[%clk 00:08:10]} {[%emt 00:00:58]}
Kxe6 {[%clk 00:45:48]} {[%emt 00:00:40]} 60. c5 {[%clk 00:08:22]} {[%emt
00:00:18]} Kd7 {[%clk 00:45:06]} {[%emt 00:01:12]} 61. b4 {[%clk 00:07:32]}
{[%emt 00:01:21]} Kc6 {[%clk 00:44:57]} {[%emt 00:00:39]} 62. Kd3 {[%clk
00:07:46]} {[%emt 00:00:16]} Kb5 {[%clk 00:45:06]} {[%emt 00:00:22]} 63. Ke3
{[%clk 00:07:49]} {[%emt 00:00:27]} Kc6 {[%clk 00:44:49]} {[%emt 00:00:46]} 64.
Kf4 {[%clk 00:08:07]} {[%emt 00:00:11]} Kb5 {[%clk 00:45:00]} {[%emt 00:00:20]}
65. Kf5 {[%clk 00:08:29]} {[%emt 00:00:08]} Kc4 {[%clk 00:44:11]} {[%emt
00:01:18]} 66. c6 {[%clk 00:08:36]} {[%emt 00:00:23]} Kb3 {[%clk 00:43:55]}
{[%emt 00:00:47]} 67. c7 {[%clk 00:08:58]} {[%emt 00:00:08]} Kxa3 {[%clk
00:44:19]} {[%emt 00:00:05]} 68. c8=Q {[%clk 00:09:15]} {[%emt 00:00:12]} Kxb4
{[%clk 00:44:37]} {[%emt 00:00:13]} 69. Qc5+ {[%clk 00:09:08]} {[%emt
00:00:37]} 1-0

[Event "DVM U12 2023"]
[Site "Magdeburg GER"]
[Date "2023.12.28"]
[Round "4"]
[White "Schucht, Adrian"]
[Black "Mlynarski, Milosz"]
[Result "1-0"]
[Termination "normal"]
[Board "5.4"]
[WhiteElo "1392"]
[BlackElo "1426"]
[WhiteClock "01:03:56"]
[BlackClock "00:11:45"]
[WhiteTeam "TSG Oberschöneweide"]
[BlackTeam "SV Empor Berlin"]
[PlyCount "120"]
[WhiteFideId "34605061"]
[BlackFideId "34636854"]
[EventCountry "GER"]
[EventRounds "7"]
[EventType "team-swiss"]
[EventDate "2023.12.26"]

1. e4 {[%clk 01:30:44]} {[%emt 00:00:15]} e5 {[%clk 01:30:46]} {[%emt
00:00:14]} 2. Nf3 {[%clk 01:31:10]} {[%emt 00:00:05]} Nc6 {[%clk 01:30:30]}
{[%emt 00:00:46]} 3. d4 {[%clk 01:31:17]} {[%emt 00:00:23]} exd4 {[%clk
01:30:25]} {[%emt 00:00:35]} 4. Nxd4 {[%clk 01:31:27]} {[%emt 00:00:20]} Nf6
{[%clk 01:29:25]} {[%emt 00:01:29]} 5. Nxc6 {[%clk 01:31:47]} {[%emt 00:00:10]}
bxc6 {[%clk 01:29:35]} {[%emt 00:00:18]} 6. Bd3 {[%clk 01:31:37]} {[%emt
00:00:42]} d5 {[%clk 01:29:49]} {[%emt 00:00:16]} 7. exd5 {[%clk 01:30:08]}
{[%emt 00:01:59]} cxd5 {[%clk 01:30:00]} {[%emt 00:00:19]} 8. O-O {[%clk
01:30:25]} {[%emt 00:00:13]} Be7 {[%clk 01:30:15]} {[%emt 00:00:15]} 9. Bf4
{[%clk 01:29:48]} {[%emt 00:01:06]} O-O {[%clk 01:29:29]} {[%emt 00:01:17]} 10.
Nd2 {[%clk 01:29:03]} {[%emt 00:01:14]} a5 {[%clk 01:22:19]} {[%emt 00:07:40]}
11. Nf3 {[%clk 01:27:16]} {[%emt 00:02:16]} c5 {[%clk 01:19:45]} {[%emt
00:03:06]} 12. c3 {[%clk 01:25:13]} {[%emt 00:02:32]} Qb6 {[%clk 01:13:24]}
{[%emt 00:06:51]} 13. b3 {[%clk 01:22:55]} {[%emt 00:02:48]} Be6 {[%clk
01:01:58]} {[%emt 00:11:56]} 14. Rb1 {[%clk 01:21:39]} {[%emt 00:01:47]} Rfd8
{[%clk 00:59:08]} {[%emt 00:03:21]} 15. Qe2 {[%clk 01:17:40]} {[%emt 00:04:27]}
Bd6 {[%clk 00:43:55]} {[%emt 00:15:44]} 16. Bxd6 {[%clk 01:10:42]} {[%emt
00:07:28]} Rxd6 {[%clk 00:41:31]} {[%emt 00:02:55]} 17. Rfd1 {[%clk 01:07:31]}
{[%emt 00:03:40]} Rb8 {[%clk 00:39:00]} {[%emt 00:03:02]} 18. h3 {[%clk
01:00:19]} {[%emt 00:07:42]} Nh5 {[%clk 00:36:30]} {[%emt 00:03:00]} 19. Qc2
{[%clk 00:59:11]} {[%emt 00:01:36]} h6 {[%clk 00:35:30]} {[%emt 00:01:31]} 20.
Nh4 {[%clk 00:55:10]} {[%emt 00:04:28]} Rdd8 {[%clk 00:34:32]} {[%emt
00:01:30]} 21. Bf5 {[%clk 00:54:14]} {[%emt 00:01:25]} Bxf5 {[%clk 00:33:32]}
{[%emt 00:01:31]} 22. Nxf5 {[%clk 00:54:32]} {[%emt 00:00:12]} Nf6 {[%clk
00:33:33]} {[%emt 00:00:28]} 23. Re1 {[%clk 00:52:01]} {[%emt 00:03:00]} Re8
{[%clk 00:31:05]} {[%emt 00:02:58]} 24. Re2 {[%clk 00:47:59]} {[%emt 00:04:32]}
c4 {[%clk 00:27:53]} {[%emt 00:03:43]} 25. Rxe8+ {[%clk 00:42:43]} {[%emt
00:05:44]} Nxe8 {[%clk 00:28:06]} {[%emt 00:00:18]} 26. Ne7+ {[%clk 00:42:36]}
{[%emt 00:00:35]} Kf8 {[%clk 00:26:48]} {[%emt 00:01:51]} 27. Nxd5 {[%clk
00:42:33]} {[%emt 00:00:33]} Qc5 {[%clk 00:22:36]} {[%emt 00:04:42]} 28. Ne3
{[%clk 00:41:20]} {[%emt 00:01:43]} cxb3 {[%clk 00:22:44]} {[%emt 00:00:22]}
29. axb3 {[%clk 00:38:55]} {[%emt 00:02:55]} Nd6 {[%clk 00:21:09]} {[%emt
00:02:05]} 30. Qh7 {[%clk 00:37:02]} {[%emt 00:02:23]} Ne8 {[%clk 00:18:51]}
{[%emt 00:02:49]} 31. Nf5 {[%clk 00:34:40]} {[%emt 00:02:51]} f6 {[%clk
00:17:15]} {[%emt 00:02:07]} 32. Nxg7 {[%clk 00:33:32]} {[%emt 00:01:38]} Qe7
{[%clk 00:15:33]} {[%emt 00:02:12]} 33. Qh8+ {[%clk 00:32:28]} {[%emt
00:01:33]} Kf7 {[%clk 00:15:32]} {[%emt 00:00:31]} 34. Nxe8 {[%clk 00:32:38]}
{[%emt 00:00:19]} Rxe8 {[%clk 00:14:49]} {[%emt 00:01:14]} 35. Qxh6 {[%clk
00:31:19]} {[%emt 00:01:50]} Qe4 {[%clk 00:14:43]} {[%emt 00:00:35]} 36. Rc1
{[%clk 00:31:13]} {[%emt 00:00:35]} Rb8 {[%clk 00:14:26]} {[%emt 00:00:48]} 37.
Qh5+ {[%clk 00:30:58]} {[%emt 00:00:45]} Ke7 {[%clk 00:14:08]} {[%emt
00:00:49]} 38. Qxa5 {[%clk 00:30:10]} {[%emt 00:01:16]} Rxb3 {[%clk 00:14:11]}
{[%emt 00:00:27]} 39. Qa7+ {[%clk 00:29:57]} {[%emt 00:00:38]} Rb7 {[%clk
00:14:10]} {[%emt 00:00:36]} 40. Qe3 {[%clk 00:30:14]} {[%emt 00:00:12]} Qe6
{[%clk 00:10:18]} {[%emt 00:04:23]} 41. Qxe6+ {[%clk 00:30:32]} {[%emt
00:00:12]} Kxe6 {[%clk 00:10:45]} {[%emt 00:00:04]} 42. c4 {[%clk 00:30:49]}
{[%emt 00:00:13]} Rc7 {[%clk 00:10:34]} {[%emt 00:00:41]} 43. c5 {[%clk
00:31:09]} {[%emt 00:00:10]} Rc6 {[%clk 00:10:45]} {[%emt 00:00:18]} 44. g4
{[%clk 00:31:15]} {[%emt 00:00:24]} Kf7 {[%clk 00:10:09]} {[%emt 00:01:07]} 45.
Kg2 {[%clk 00:31:33]} {[%emt 00:00:12]} Kg6 {[%clk 00:10:26]} {[%emt 00:00:13]}
46. f4 {[%clk 00:31:35]} {[%emt 00:00:27]} Kh6 {[%clk 00:08:57]} {[%emt
00:02:01]} 47. Kg3 {[%clk 00:31:54]} {[%emt 00:00:11]} Kg6 {[%clk 00:08:01]}
{[%emt 00:01:25]} 48. Kh4 {[%clk 00:31:57]} {[%emt 00:00:27]} Kh6 {[%clk
00:06:20]} {[%emt 00:02:11]} 49. g5+ {[%clk 00:32:05]} {[%emt 00:00:22]} Kg6
{[%clk 00:00:39]} {[%emt 00:06:11]} 50. Kg4 {[%clk 00:32:06]} {[%emt 00:00:29]}
fxg5 {[%clk 00:28:35]} {[%emt 00:02:33]} 51. fxg5 {[%clk 01:02:23]} {[%emt
00:00:12]} Kg7 {[%clk 00:24:22]} {[%emt 00:04:43]} 52. h4 {[%clk 01:02:47]}
{[%emt 00:00:07]} Kg6 {[%clk 00:24:18]} {[%emt 00:00:35]} 53. h5+ {[%clk
01:03:10]} {[%emt 00:00:08]} Kg7 {[%clk 00:20:56]} {[%emt 00:03:51]} 54. Kf5
{[%clk 01:03:24]} {[%emt 00:00:16]} Kf7 {[%clk 00:19:53]} {[%emt 00:01:33]} 55.
Ke5 {[%clk 01:03:23]} {[%emt 00:00:31]} Ke7 {[%clk 00:19:51]} {[%emt 00:00:32]}
56. Kd5 {[%clk 01:03:17]} {[%emt 00:00:36]} Kd7 {[%clk 00:19:37]} {[%emt
00:00:44]} 57. g6 {[%clk 01:03:19]} {[%emt 00:00:28]} Kc7 {[%clk 00:11:23]}
{[%emt 00:08:44]} 58. g7 {[%clk 01:03:32]} {[%emt 00:00:17]} Rd6+ {[%clk
00:10:48]} {[%emt 00:01:05]} 59. cxd6+ {[%clk 01:03:45]} {[%emt 00:00:16]} Kd7
{[%clk 00:11:16]} {[%emt 00:00:02]} 60. Rc7+ {[%clk 01:03:56]} {[%emt
00:00:18]} Kd8 {[%clk 00:11:45]} {[%emt 00:00:03]} 1-0